Movimientos sociales y recursos naturales en América Latina: resistencias al neoliberalismo, configuración de alternativas /
El artículo intenta presentar un panorama de los conflictos sociales durante el segundo cuatrimestre del 2005. Se inicia con un análisis de las características que presenta la conflictividad social en dicho lapso, para referir luego a los principales conflictos, sujetos, organizaciones, sus particul...
Đã lưu trong:
| Tác giả chính: | |
|---|---|
| Định dạng: | Texto |
| Những chủ đề: | |
| Các nhãn: |
Thêm thẻ
Không có thẻ, Là người đầu tiên thẻ bản ghi này!
|
MARC
| LEADER | 00000 a a2200000 04500 | ||
|---|---|---|---|
| 001 | 11036 | ||
| 003 | |||
| 040 | |||
| 100 | |a Seoane, José | ||
| 245 | |a Movimientos sociales y recursos naturales en América Latina: |b resistencias al neoliberalismo, configuración de alternativas / |c José Seoane | ||
| 520 | |a El artículo intenta presentar un panorama de los conflictos sociales durante el segundo cuatrimestre del 2005. Se inicia con un análisis de las características que presenta la conflictividad social en dicho lapso, para referir luego a los principales conflictos, sujetos, organizaciones, sus particularidades y el contexto político y regional donde los mismos se inscriben | ||
| 650 | |a MOVIMIENTOS SOCIALES | ||
| 650 | |a CONFLICTOS SOCIALES | ||
| 650 | |a AMERICA LATINA | ||
| 650 | |a PROTECCION AMBIENTAL | ||
| 650 | |a HIDROCARBUROS | ||
| 650 | |a MINERIA | ||
| 773 | |g volumen 6, número 17; páginas 93-107 | ||
| 999 | |c 38427 |d 38427 | ||
